Library Banner

Curricula and syllabi for the B. Tech (Hons) degree (four-year programme) in energy engineering (Record no. 71679)

MARC details
000 -LEADER
fixed length control field 00450nam a2200157Ia 4500
001 - CONTROL NUMBER
control field 66851
008 - FIXED-LENGTH DATA ELEMENTS--GENERAL INFORMATION
fixed length control field 150514s9999 xx 000 0 und d
020 ## - INTERNATIONAL STANDARD BOOK NUMBER
International Standard Book Number NA
040 ## - CATALOGING SOURCE
Transcribing agency PK-LaUMT
082 ## - DEWEY DECIMAL CLASSIFICATION NUMBER
Classification number MAL 375.621042
Item number CUR
245 ## - TITLE STATEMENT
Title Curricula and syllabi for the B. Tech (Hons) degree (four-year programme) in energy engineering
260 ## - PUBLICATION, DISTRIBUTION, ETC. (IMPRINT)
Place of publication, distribution, etc Kharagpur,India:
Name of publisher, distributor, etc Indian Institute of Technology,
Date of publication, distribution, etc 1984
300 ## - PHYSICAL DESCRIPTION
Extent 16 p.
546 ## - LANGUAGE NOTE
Language note EN
942 ## - ADDED ENTRY ELEMENTS (KOHA)
Koha item type Books
Holdings
Withdrawn status Lost status Damaged status Not for loan Home library Current library Date acquired Total Checkouts Full call number Barcode Date last seen Price effective from Koha item type
        UMT Main Campus UMT Main Campus 2015-05-14   MAL 375.621042 CUR 75159 2015-05-14 2015-05-14 Books